Validation of Food Safety Control Measures

Salvato in:
Dettagli Bibliografici
Altri autori: YouTube
Natura: Libro
Lingua:inglese
Soggetti:
Accesso online:Validation of Food Safety Control Measures
Tags: Aggiungi Tag
Nessun Tag, puoi essere il primo ad aggiungerne!!

MARC

LEADER 00000nam a22000004a 4500
001 vpro12248
005 20201223000000.0
008 171219s2017 ck # g## #001 0#eng#d
020
022
040 |a CO-BoINGC 
041 0 |a eng 
245 1 0 |a Validation of Food Safety Control Measures 
246 |a Validaacin̤ de medidas de control de seguridad alimentaria 
264 |a Bogot ̀(Colombia) :  |b Revista VirtualPRO,  |c 2017 
520 3
650 \ \ |a Calidad de los alimentos 
650 \ \ |a Alimentos 
650 \ \ |a Food quality 
650 \ \ |a Food 
650 \ \ |a alimentos 
650 \ \ |a industria de alimentos 
650 \ \ |a calidad de alimentos 
650 \ \ |a foods 
650 \ \ |a food industry 
650 \ \ |a food quality  
700 \ \ |a YouTube 
856 |z Validation of Food Safety Control Measures  |u https://virtualpro.unach.elogim.com/biblioteca/validaacion-de-medidas-de-control-de-seguridad-alimentaria